[Event "MCR mladeze, Kouty 2018 - H14"]
[Site "Kouty nad Desnou"]
[Date "2018.03.15"]
[Round "7"]
[White "Mica, Marek"]
[Black "Dudek, Vojtech"]
[Result "0-1"]
[WhiteElo "1957"]
[BlackElo "1880"]
[EventDate "2018.03.10"]

1. d4  Nf6  2. c4  c5
3. d5  b5  4. cxb5
a6  5. bxa6  g6
6. Nc3  Bxa6  7. e4  Bxf1
8. Kxf1  d6  9. Nf3
Bg7  10. g3  O-O
11. Kg2  Nbd7  12. a4
Ra6  13. Qc2  Qa8
14. Ra3  e6  15. dxe6
fxe6  16. Re1 d5  17. exd5
exd5  18. Nb5  Qb7
19. Bf4  Ne4  20. Rae3
Ndf6  21. R3e2  Nh5
22. Be5  Qf7  23. Qb3
Bh6  24. Nc7  c4
25. Qa3  Rxa4  26. Qxa4
Qxf3+  27. Kg1  Nxf2
28. Qd7  Qh1# 0-1

[Event "MCR mladeze, Kouty 2018 - H14"]
[Site "Kouty nad Desnou"]
[Date "2018.03.15"]
[Round "7"]
[White "Placer, Sebastian"]
[Black "Gnojek, Petr"]
[Result "0-1"]
[WhiteElo "1884"]
[BlackElo "2018"]
[EventDate "2018.03.10"]

1. e4 e6 2. d3 d5 3. Nd2 c5 4. Ngf3 Nc6 5. g3 g6 6. Bg2 Bg7 7. O-O Nge7 8. Re1 b6
9. c3 a5 10. Nf1 Ra7 11. e5 d4 12. c4 Qc7 13. Bf4 h6 14. h4 g5 15. hxg5 hxg5 16.
Bxg5 Nxe5 17. Nxe5 Bxe5 18. Bxe7 Kxe7 19. Qe2 Bg7 20. Nd2 Kf8 21. Bf3 Qd8 22. Kg2
f6 23. Rh1 Bh6 24. Rh5 Rah7 25. Rah1 Qe7 26. Qd1 Bxd2 27. Qxd2 Rxh5 28. Rxh5 Rxh5
29. Bxh5 Qh7 30. Qd1 Bb7+ 31. Kg1 e5 32. Bf3 e4 33. Bg2 exd3 34. Bxb7 Qxb7 35.
Qxd3 Qd7 36. b3 f5 37. Kg2 Qe6 38. Kf3 Kf7 39. Kf4 Kf6 40. a4 Qe5+ 41. Kf3 Qe1
42. Qc2 Qh1+ 43. Ke2 Qe4+ 44. Qxe4 fxe4 45. f3 exf3+ 46. Kxf3 Kg5 47. Kg2 Kg4 48.
Kf2 d3 49. Ke3 Kxg3 50. Kxd3 Kf3 51. Kd2 Kf2 52. Kd3 Ke1 53. Kc2 Ke2 54. Kc1 Kd3
55. Kb2 Kd2 56. Ka1 Kc1 57. Ka2 Kc2 58. Ka3 Kb1 0-1

[Event "MCR mladeze, Kouty 2018 - H14"]
[Site "Kouty nad Desnou"]
[Date "2018.03.15"]
[Round "7"]
[White "Neumann, Filip"]
[Black "Jun, Rudolf"]
[Result "1-0"]
[WhiteElo "1859"]
[BlackElo "2061"]
[EventDate "2018.03.10"]

1. d4  Nf6  2. c4  g6
3. Nc3  Bg7  4. e4
d6  5. f3  O-O
6. Be3  e5  7. Nge2  Nc6
8. d5  Ne7  9. Qd2
Ne8  10. g4  c6
11. O-O-O  cxd5 12. cxd5  a6  13.
Ng3  b5  14. Rg1  Bd7
15. Kb1  Rc8  16. h4
b4  17. Nce2  b3
18. a3  Bb5  19. Nc3
Bxf1  20. Rdxf1  Nc7
21. Bh6  Nb5  22. Nxb5
axb5  23. Bxg7  Kxg7
24. Rc1  Qb6  25. Ne2
Rc4  26. Rgf1  Rfc8
27. Rxc4  bxc4  28. Nc3
Rb8  29. h5  f6
30. Rh1  g5  31. Rc1  Qc5
32. Qe2 Rc8 33. Nd1  Qd4  34.
Rc3  Qg1  35. Kc1  Qc5
36. Ne3  Qb5  37. Kd2
Qc5  38. Qxc4  Qa7
39. Qxb3  Rb8  40. Qc2
Rb7  41. b4  Qd4+
42. Ke2  Qb6  43. Nc4
Qa6  44. Qd3  Ra7
45. Na5  Qb6  46. Nc6
Nxc6  47. dxc6  Rf7
48. Qxd6  Qg1  49. c7
Qg2+  50. Kd1  Qf1+
51. Kc2  Qe2+  52. Qd2
Qa6  53. c8=Q  Qxc8
54. Rxc8  Ra7  55. Qd8
Rf7  56. Qg8+  Kh6
57. Qxf7  f5  58. Rc6#
1-0

[Event "MCR mladeze, Kouty 2018 - H14"]
[Site "Kouty nad Desnou"]
[Date "2018.03.15"]
[Round "7"]
[White "Vojta, Jakub"]
[Black "Skypala, Ondrej"]
[Result "1-0"]
[WhiteElo "2017"]
[BlackElo "1851"]
[EventDate "2018.03.10"]

1. e4  e6  2. d4  d5
3. Nc3  Nf6  4. Bg5
Be7  5. e5  Nfd7
6. h4  c5  7. Bxe7
Kxe7  8. f4  Qb6
9. Na4  Qa5+  10. c3
Nc6 11. Nf3  c4  12. Be2
b5  13. Nc5  Nxc5
14. dxc5  Bd7  15. a3
Qc7  16. O-O  Na5
17. Nd4  Qxc5  18. Qe1
Nb3  19. Rd1  h6
20. h5  Nxd4  21. cxd4
Qb6  22. g4  Raf8
23. Qh4+  Ke8  24. f5
f6  25. Qg3  b4
26. axb4  Ba4  27. Rd2  Qxb4
28. Qc3  Qxc3  29. bxc3
a6  30. fxe6  Ke7
31. Bf3  Bc6 32. Ra2 Ra8  33.
Ra5  Kxe6  34. Re1  Rhe8
35. Rc5  Bb7  36. Rc7
Rab8  37. exf6+  Kxf6
38. Rxe8  Rxe8  39. Rxb7
Re3  40. Bxd5  Rxc3
41. Rc7  Rd3  42. Rxc4
Rg3+  43. Kf2  Rxg4
44. Bf3  Rf4  45. Ke3
Rf5  46. Rc5  Rg5
47. Rc6+  Ke7  48. Rxa6
Kd7  49. Rg6  Rxh5
50. Rxg7+  Kd6  51. Rg6+
Ke7  52. Bxh5  1-0

[Event "MCR mladeze, Kouty 2018 - H14"]
[Site "Kouty nad Desnou"]
[Date "2018.03.15"]
[Round "7"]
[White "Jares, Michal"]
[Black "Vantuch, Lucian"]
[Result "1-0"]
[WhiteElo "1780"]
[BlackElo "1973"]
[EventDate "2018.03.10"]

1. d4  Nf6  2. Nf3  e6
3. g3  b6  4. Bg2
Bb7  5. O-O  d6
6. c4  Nbd7  7. Nc3  d5
8. Ne5  Ne4  9. Nxe4
dxe4  10. Qa4  Bd6
11. Nc6  Bxc6  12. Qxc6
f5  13. Bg5  Qxg5
14. Qxa8+  Kf7  15. Qxh8
Nf8  16. e3  Be7
17. d5  e5  18. Rfd1
Qh6  19. d6  cxd6
20. c5  bxc5  21. Bf1
Qe6  22. Rac1  d5
23. Rxd5  Qxd5  24. Bc4
Qxc4  25. Rxc4  Bf6
26. Rxc5  g6  27. Rc7+
1-0

[Event "MCR mladeze, Kouty 2018 - H14"]
[Site "Kouty nad Desnou"]
[Date "2018.03.15"]
[Round "7"]
[White "Frank, Adam"]
[Black "Blaha, Marek"]
[Result "1-0"]
[WhiteElo "1947"]
[BlackElo "1777"]
[EventDate "2018.03.10"]

1. e4  e5  2. Nf3  Nc6
3. Bb5  a6  4. Ba4
Nf6  5. O-O  Be7
6. Re1  d6  7. c3
b5  8. Bb3  O-O
9. h3  Nb8  10. d4  Nbd7
11. a4  Bb7  12. Nbd2
Re8  13. Qc2  Bf8 14. d5
Nc5  15. Nf1  Nxb3
16. Qxb3  c6  17. c4
Qd7  18. axb5  axb5
19. Rxa8  bxc4  20. Qxc4
cxd5  21. exd5  Rxa8
22. Rd1  Rc8  23. Qh4
Bxd5  24. Ne3  Qc6
25. Nxd5  Nxd5  26. Bg5
Rc7  27. Rc1  Qb7
28. Rxc7  Qxc7  29. Qe4
Ne7  30. Bxe7  Bxe7
31. b4  h6  32. b5
Kf8  33. Qh7  f6
34. Qe4  Qc1+  35. Kh2
Qf4+  36. Qxf4  exf4 37. b6
Bd8  38. b7  Bc7
39. Nd4  Ke7  40. Nc6+
Kd7  41. b8=Q  Bxb8
42. Nxb8+  Kc7  43. Na6+
Kb6  44. Nb4  Kc5
45. Nd3+  Kc4  46. Nxf4
d5  47. Kg3  g5
48. Nh5  f5  49. Ng7  f4+
50. Kf3  Kc3  51. Ke2
d4  52. Nf5  h5
53. Kd1  g4  54. h4  Kd3
55. Ng7  g3  56. fxg3
fxg3  1-0

[Event "MCR mladeze, Kouty 2018 - H14"]
[Site "Kouty nad Desnou"]
[Date "2018.03.15"]
[Round "7"]
[White "Ret, Adam Josef"]
[Black "Mach, Petr"]
[Result "0-1"]
[WhiteElo "1840"]
[BlackElo "1845"]
[EventDate "2018.03.10"]

1. d4  Nf6  2. c4  g6
3. Nc3  Bg7  4. e4
d6  5. Nf3  O-O
6. Be2  Nbd7  7. Be3  e5
8. dxe5  Nxe5  9. Nxe5
dxe5  10. Qxd8  Rxd8
11. h3  c6  12. O-O
Be6  13. Rfd1  b6
14. Rac1  Ne8  15. f3 Kf8
16. g4  Ke7  17. Kg2
Nc7  18. Kf2  Rxd1
19. Rxd1  Rd8  20. Rxd8
Kxd8  21. Ke1  Bf8
22. f4  exf4  23. Bxf4
Kd7  24. Kd2  Bd6
25. Bxd6  Kxd6  26. Ke3
g5  27. b4  Bd7
28. a3  Ne6  29. Bf1  Ke5
30. Nd1  Nf4  31. Nf2
c5  32. bxc5  bxc5
33. Nd3+  Nxd3  34. Bxd3
Ba4  35. Be2  f6
36. Bd3  h6  37. Be2
a5  38. Bd3  Bb3
39. Be2  Bc2  40. Bf3
Bb1  41. Bg2  Ba2
42. Bf1  Bb3  43. Be2
Ba4  44. Bf3  Bc2
45. Bg2  Bd1  46. Bf1
h5  47. Kd2  Bf3
48. Ke3  hxg4  49. hxg4
Bxg4  50. Bg2  Be6
51. Bf1  Bf7  52. Be2
Be8  53. Bg4  Bc6
54. Bf5  Bb7 0-1

[Event "MCR mladeze, Kouty 2018 - H14"]
[Site "Kouty nad Desnou"]
[Date "2018.03.15"]
[Round "7"]
[White "Rokos, Filip"]
[Black "Nytra, Ondrej"]
[Result "1/2-1/2"]
[WhiteElo "1817"]
[BlackElo "1901"]
[EventDate "2018.03.10"]

1. e4  e5  2. Nf3  Nc6
3. Bb5  a6  4. Ba4
Nf6  5. d3  d6
6. c3  g6  7. O-O  h6
8. Re1  Bg7  9. Nbd2
O-O  10. Nf1  b5
11. Bc2  Re8  12. Ng3
d5  13. Qe2  Be6 14. a4
dxe4  15. Nxe4  Nxe4
16. dxe4  Bc4  17. Qe3
Qe7  18. b3  Be6
19. Ba3  b4  20. cxb4
Nxb4  21. Qc3  c5
22. Nd2  Rac8  23. Nc4
Nxc2  24. Qxc2  f5
25. Rad1  Red8  26. Bb2
Rxd1  27. Rxd1  Rd8
28. exf5  Bxf5  29. Qe2
e4  30. Bxg7  Kxg7
31. h3  Rxd1+  32. Qxd1
Qd7  33. Qxd7+  Bxd7
34. Kf1  Kf6  35. Ke2
Be6  36. Ke3  Bxc4
37. bxc4  Ke5  38. a5
h5  39. h4  Kf5
40. f3  exf3  41. Kxf3  1/2-1/2

[Event "MCR mladeze, Kouty 2018 - H14"]
[Site "Kouty nad Desnou"]
[Date "2018.03.15"]
[Round "7"]
[White "Nguyen, Thai Dai Vinh"]
[Black "Vokoun, Tomas"]
[Result "1-0"]
[WhiteElo "1902"]
[BlackElo "1535"]
[EventDate "2018.03.10"]

1. e4  c5  2. Nf3  e6
3. d4  cxd4  4. Nxd4
Nf6  5. Nc3  d6
6. g4  Be7  7. g5  Nfd7
8. h4  O-O  9. Be3
a6  10. Qd2  b5
11. a3  Bb7  12. O-O-O  Nc6
13. f4  Rc8  14. Kb1 Nb6
15. h5  Nxd4  16. Qxd4
Nc4  17. h6  e5
18. fxe5  dxe5  19. Qa7  Qc7
20. Bxc4  bxc4  21. hxg7
Rfd8  22. Bb6  Rxd1+
23. Rxd1  Qc6  24. Nd5
Bxg5  25. Rg1  1-0

[Event "MCR mladeze, Kouty 2018 - H14"]
[Site "Kouty nad Desnou"]
[Date "2018.03.15"]
[Round "7"]
[White "Husa, Daniel"]
[Black "Volak, Simon"]
[Result "0-1"]
[WhiteElo "1627"]
[BlackElo "1744"]
[EventDate "2018.03.10"]

1. d4  d5  2. c4  c6
3. cxd5  cxd5  4. Nf3
Nf6  5. Nc3  Nc6
6. Bf4  a6  7. e3
Bf5  8. Qb3  b5
9. Be2 Na5  10. Qd1  Rc8  11. Bd3
Bg4  12. O-O  e6
13. Rc1  Be7  14. a4
b4  15. Na2  b3
16. Rxc8  Qxc8  17. Nc3  Qb7
18. Qe2  Nc4  19. Bxc4
dxc4  20. Qxc4  O-O
21. Qe2  Bb4  22. Rc1
Rc8  23. Qe1  Ne4
24. h3  Bxc3  25. bxc3
b2  26. Rb1  Bxf3
27. gxf3  Nxc3  28. e4
Nxb1  29. Qxb1  Qb3
30. Kg2  Qc2  31. Qf1
b1=Q  32. Qxa6  Qbb2
0-1

[Event "MCR mladeze, Kouty 2018 - H14"]
[Site "Kouty nad Desnou"]
[Date "2018.03.15"]
[Round "7"]
[White "Glozar, Petr"]
[Black "Nezval, Filip"]
[Result "1/2-1/2"]
[WhiteElo "1789"]
[BlackElo "1732"]
[EventDate "2018.03.10"]

1. e4  e5  2. Nf3  Nc6
3. Bb5  Nge7  4. O-O
g6  5. d4  exd4
6. Nxd4  Bg7  7. Be3  O-O
8. c3  d5  9. exd5
Nxd4  10. Bxd4  Qxd5
11. Bxg7  Qxd1  12. Rxd1
Kxg7  13. c4  c5
14. Nc3  Be6  15. Nd5
Nxd5  16. cxd5  Bf5
17. d6  Rfd8  18. Rd2
Bd7  19. Be2  Bc6
20. Rc1  Rd7  21. f4
Rad8  22. Rcd1  f5
23. Bc4  Kf6  24. Kf2
a6  25. h3  b5
26. Bb3  c4  27. Bc2  Ke6
28. g4  fxg4  29. hxg4
Kf6  30. f5  b4
31. Rd4  b3  32. axb3  cxb3
33. Bxb3  gxf5  34. Rf4
Rxd6  35. Rxf5+  Kg6
36. Rxd6+  Rxd6  37. Ke3
Rf6  38. Rxf6+  Kxf6
39. Kf4  h6  40. Bc4
1/2-1/2

[Event "MCR mladeze, Kouty 2018 - H14"]
[Site "Kouty nad Desnou"]
[Date "2018.03.16"]
[Round "8"]
[White "Kusa, Jakub"]
[Black "Gnojek, Petr"]
[Result "1-0"]
[WhiteElo "1895"]
[BlackElo "2018"]
[EventDate "2018.03.10"]

1. Nf3  f5  2. d3  Nf6
3. e4  fxe4  4. dxe4
Nxe4  5. Bd3  Nf6
6. Ng5  g6  7. Nxh7
Rxh7  8. Bxg6+  Rf7
9. g4  e6  10. g5
Nd5  11. c4  Ne7
12. Bxf7+  Kxf7  13. h4
Bg7  14. h5  Qh8
15. g6+  Kg8  16. Qf3
Nf5  17. h6  Bxh6
18. Bxh6  Qxb2 19. Qc3  Qxc3+
20. Nxc3  Nxh6  21. Rxh6
Kg7  22. Rh7+  Kxg6
23. Rh8  Na6  24. Kd2
Kg7  25. Rd8  Kf7
26. Rg1  1-0

[Event "MCR mladeze, Kouty 2018 - H14"]
[Site "Kouty nad Desnou"]
[Date "2018.03.16"]
[Round "8"]
[White "Vojta, Jakub"]
[Black "Barak, David"]
[Result "1-0"]
[WhiteElo "2017"]
[BlackElo "1847"]
[EventDate "2018.03.10"]

1. e4  c6  2. d4  d5
3. e5  c5  4. dxc5
Nc6  5. Bb5  e6
6. Be3  Nge7  7. c3  Nf5
8. Bd4  Be7  9. Nf3
O-O  10. O-O  Bd7
11. a4  f6  12. Bxc6
Bxc6  13. Nbd2  a5
14. Qc2  Qc7  15. Rfe1
Bd7  16. Nb3  Rac8
17. Qd3  Rf7  18. Re2
Rff8  19. h3  h5
20. Rae1  Nxd4  21. Nbxd4
f5  22. b4  Ra8
23. Nb5  Qc8  24. Ra2  axb4
25. cxb4  b6  26. cxb6
Bxb4  27. Rb1  Bc5
28. Rc2  Rxa4  29. Na7
Qa6  30. Qxa6  Rxa6
31. Rxc5  Rb8  32. Rc7
1-0

[Event "MCR mladeze, Kouty 2018 - H14"]
[Site "Kouty nad Desnou"]
[Date "2018.03.16"]
[Round "8"]
[White "Neumann, Filip"]
[Black "Mica, Marek"]
[Result "0-1"]
[WhiteElo "1859"]
[BlackElo "1957"]
[EventDate "2018.03.10"]

1. e4 c6 2. d4 d5 3. f3 e6 4. Nc3 Bb4 5. Qd3 b6 6. Nge2 Ba6 7. Qe3 Ne7 8. Bd2 Nd7
9. a3 Bxc3 10. Nxc3 Bxf1 11. Rxf1 Qc7 12. e5 a6 13. Ne2 c5 14. c3 b5 15. b4 cxd4
16. cxd4 Nb6 17. Qg5 Nf5 18. g4 h6 19. Qf4 g5 20. Rc1 Nc4 21. Qxf5 exf5 22. gxf5
Qd7 23. Ng3 Nxd2 24. Kxd2 Rc8 25. e6 Qb7 26. Nh5 Rxc1 27. Rxc1 fxe6 28. f6 Kf7
0-1

[Event "MCR mladeze, Kouty 2018 - H14"]
[Site "Kouty nad Desnou"]
[Date "2018.03.16"]
[Round "8"]
[White "Dudek, Vojtech"]
[Black "Frank, Adam"]
[Result "0-1"]
[WhiteElo "1880"]
[BlackElo "1947"]
[EventDate "2018.03.10"]

1. e4  e5  2. Nc3  Nf6
3. Bc4  Nc6  4. d3
Bb4  5. Nge2  d5
6. exd5  Nxd5  7. O-O
Be6  8. Nxd5  Bxd5
9. a3  Be7  10. Bxd5
Qxd5  11. c4  Qd7
12. Qc2  Rd8  13. Rd1
f5  14. b4  Bf6
15. b5  Ne7  16. Bb2  c5
17. f4  Qc7  18. fxe5
Bxe5  19. Bxe5  Qxe5
20. Nc3  O-O  21. Re1
Qd4+  22. Kh1  Ng6
23. Rad1  Nf4  24. Ne2
Qf2  0-1

[Event "MCR mladeze, Kouty 2018 - H14"]
[Site "Kouty nad Desnou"]
[Date "2018.03.16"]
[Round "8"]
[White "Mach, Petr"]
[Black "Placer, Sebastian"]
[Result "1-0"]
[WhiteElo "1845"]
[BlackElo "1884"]
[EventDate "2018.03.10"]

1. d4  c6  2. c4  d5
3. e3  Nf6  4. Nc3
e6  5. Nf3  Nbd7
6. b3  Bb4  7. Bd2
O-O  8. Bd3  Re8
9. O-O  e5  10. dxe5 Nxe5
11. Nxe5  Rxe5  12. Ne2
Bxd2  13. Qxd2  dxc4
14. Bxh7+  Kxh7  15. Qxd8
cxb3  16. Qd3+  Bf5
17. Qxb3  Re7  18. Rfd1
Be6  19. Qc2+  g6
20. Qc5  Ree8  21. Rd4
Nd7  22. Qc3  g5
23. Rad1  Ne5  24. h4
g4  25. Qc2+  Kg7
26. Nf4  Rh8  27. Nxe6+
fxe6  28. Qc5  Nf7
29. Rxg4+  Kf6  30. Rf4+
Kg6  31. Rxf7  Kxf7
32. Rd7+  Kg8  33. Qg5+
Kf8  34. Qe7+  1-0

[Event "MCR mladeze, Kouty 2018 - H14"]
[Site "Kouty nad Desnou"]
[Date "2018.03.16"]
[Round "8"]
[White "Jun, Rudolf"]
[Black "Jares, Michal"]
[Result "1/2-1/2"]
[WhiteElo "2061"]
[BlackElo "1780"]
[EventDate "2018.03.10"]

1. e4  g6  2. Nf3  c5
3. c4  d6  4. d4
cxd4  5. Nxd4  Nf6
6. Nc3  Bg7  7. f3
O-O  8. Be3  Nc6
9. Be2  Nd7  10. Qd2
Nxd4  11. Bxd4  Bxd4
12. Qxd4  Nc5  13. O-O
e5  14. Qd2  Ne6
15. Kh1  Nd4  16. Bd3
Be6  17. Ne2  Qb6
18. Rfd1  Rac8  19. Rac1
Rfd8  20. b3  a6
21. Nxd4  Qxd4  22. Be2
Qxd2  23. Rxd2  b5
24. Rdc2  b4  25. h3
Rc5  26. Rd2  Kf8
27. Kh2  Ke7  28. g3
f5  29. exf5  gxf5
30. Rcd1  a5  31. g4
fxg4  32. hxg4  d5
33. Kg3  h6  34. cxd5
Rcxd5  35. Rxd5  Rxd5
36. Rxd5  Bxd5  37. Bd3
Kd6  38. Kf2  Kc5
39. Ke3  a4  40. Bc2
a3  41. Bd1  Kd6
42. Bc2  Ke6  43. Bd1
Kf6  44. f4  Ke6
45. Bc2  Kd6  46. Bd1
Be6  47. f5  Bd5
48. Bc2  Ke7  49. Kf2
Kf6  50. Kg3  Kg5
51. Bd1  Be4  52. Kf2
Bb1  53. Ke3  h5
54. gxh5  Bxf5  55. Kd2
Kf4  56. Be2  e4
57. Ke1  Bh7  58. Bc4
Ke3  59. Bf7  Kd3
60. Bg6  Bg8  61. h6
Kc3  62. Bxe4  Kb2
63. Kd2  Kxa2  64. Kc1
Ka1  65. h7  Bxh7
66. Bxh7  a2  1/2-1/2

[Event "MCR mladeze, Kouty 2018 - H14"]
[Site "Kouty nad Desnou"]
[Date "2018.03.16"]
[Round "8"]
[White "Skypala, Ondrej"]
[Black "Nguyen, Thai Dai Vinh"]
[Result "1-0"]
[WhiteElo "1851"]
[BlackElo "1902"]
[EventDate "2018.03.10"]

1. c4  e5  2. Nc3  Nc6
3. g3  d6  4. Bg2
Be6  5. Nd5  Qd7
6. d3  Nd8  7. e3
c6  8. Nc3  Ne7
9. Nge2  g6  10. O-O  Bg7
11. b3  O-O  12. Ba3
f5  13. Rc1  h6
14. Qd2  g5  15. f4  exf4
16. exf4  g4  17. d4
Bf7  18. Rfe1  Bf6
19. d5  c5  20. Bb2
Ng6  21. Nd1  Bxb2
22. Nxb2  h5  23. Nc3
h4  24. Nb1  h3
25. Bf1  Ne7  26. Nc3  Kh7
27. Re3  Re8  28. Rce1
Kg7  29. Bd3  Bg6
30. Qe2  Kf8  31. Nbd1
b6  32. Nf2  Nb7
33. Qb2  Kf7  34. Re6
Kf8  35. Ncd1  Bf7
36. Qh8+  Ng8  37. Bxf5
Bxe6  38. Rxe6  Qg7
39. Qxg7+  Kxg7  40. Bxg4
Nf6  41. Bxh3  b5
42. f5  a5  43. Nc3
b4  44. Nce4  Nxe4
45. Nxe4  a4  46. g4
axb3  47. axb3  Ra1+
48. Bf1  Rxe6  49. dxe6
d5  50. f6+  Kf8
51. cxd5  c4  52. e7+
Ke8  53. Kf2  Rxf1+
54. Kxf1  cxb3  55. Nd2
b2  56. g5  Nd6 57. Kg2 Nf5
58. Kf3  Nd4+  59. Ke4
Nb3  60. Ke5  Nc5
61. g6  Nd3+  62. Kd6
1-0

[Event "MCR mladeze, Kouty 2018 - H14"]
[Site "Kouty nad Desnou"]
[Date "2018.03.16"]
[Round "8"]
[White "Nytra, Ondrej"]
[Black "Ret, Adam Josef"]
[Result "1/2-1/2"]
[WhiteElo "1901"]
[BlackElo "1840"]
[EventDate "2018.03.10"]

1. e4  c5  2. Nf3  d6 3. d4
cxd4  4. Nxd4  Nf6
5. Nc3  g6  6. Be2
Bg7  7. O-O  O-O
8. Re1  Nc6  9. Nb3
a6  10. Bf1  b5
11. Nd5  Bb7  12. Bg5  Re8
13. c3  Ne5  14. Qd2
Bxd5  15. exd5  Nc4
16. Bxc4  bxc4  17. Nd4
Qd7  18. Nf3  Rab8
19. Re2  Qb7  20. Rd1
Kf8  21. Bh6  Kg8
22. Bxg7  Kxg7  23. Qd4
Qc7  24. g4  Kg8
25. g5  Nh5  26. Rdd2
Rbc8  27. Nh4  Qd7
28. Re3  Rc7  29. h3
Rc5  30. b4  cxb3
31. axb3  Rb5  32. c4
Rb4  33. Qc3  Rb7
34. Ra2  Ra8  35. b4
Qc7  36. Nf3  Rab8
37. Nh2  Rxb4  38. Ng4
f6  39. gxf6  exf6
40. Nxf6+  Nxf6  41. Qxf6
Rf8  42. Qe6+  Kg7
43. Rxa6  Qxc4  44. Ra7+
Kh6  45. Re1  Qf4
46. Qe3  Qxe3  47. Rxe3
Rf5  48. Rd3  Rb5
49. Rd7  Rbxd5  50. Rxd6
1/2-1/2

[Event "MCR mladeze, Kouty 2018 - H14"]
[Site "Kouty nad Desnou"]
[Date "2018.03.16"]
[Round "8"]
[White "Volak, Simon"]
[Black "Blaha, Marek"]
[Result "1-0"]
[WhiteElo "1744"]
[BlackElo "1777"]
[EventDate "2018.03.10"]

1. c4  Nc6 2. Nc3  e6  3. g3
Nf6  4. Bg2  Be7
5. Nf3  O-O  6. O-O
d6  7. d4  e5
8. dxe5  dxe5  9. b3  h6
10. Bb2  Re8  11. Qxd8
Rxd8  12. Rfd1  Be6
13. Nb5  e4  14. Nd2
e3  15. fxe3  Bb4
16. Nf1  Ne8  17. Nd4
Nxd4  18. exd4  Bg4
19. Bf3  Bxf3  20. exf3
Rd7  21. Ne3  Rad8
22. Rd3  c6  23. Rad1
Nc7  24. a3  Be7
25. f4  Ne6  26. b4
Bf6  27. Kg2  Kh8
28. Ng4  Be7  29. Ne5 Kg8 1-0

[Event "MCR mladeze, Kouty 2018 - H14"]
[Site "Kouty nad Desnou"]
[Date "2018.03.16"]
[Round "8"]
[White "Vantuch, Lucian"]
[Black "Husa, Daniel"]
[Result "1/2-1/2"]
[WhiteElo "1973"]
[BlackElo "1627"]
[EventDate "2018.03.10"]

1. e4  e6 2. d4  d5  3. Nd2
Nc6  4. Ngf3 Nf6  5. e5
Nd7  6. Be2  f6
7. exf6  Qxf6  8. Nf1  h6
9. Ne3  Bd6  10. O-O
O-O  11. g3  Qf7
12. Nh4  Nf6  13. f4
Qe8  14. Nf3  Nd7
15. c3  Ne7  16. b4
b6  17. Bd3  c5
18. bxc5  bxc5  19. Ba3  Qd8
20. Qc2  Qa5  21. Bb2
Ba6  22. Ne5  Nxe5
23. fxe5  Bc7  24. Ng4
Rab8  25. Rxf8+  Rxf8
26. Bc1  Bxd3  27. Qxd3
cxd4  28. cxd4  Qe1+
29. Kg2  h5  30. Bb2
Qa5  31. Ne3  Nf5
32. Ba3  Rf7  33. Nxf5
Rxf5  34. Rc1  Bb6
35. h3  Bc7  36. g4
Rf7  37. Rc3  h4
38. Qc2  Bd8  39. Bd6
Qa6  40. Rd3  Qa5
41. Qe2  Qa6  42. Rd2
Qxe2+  43. Rxe2  Bb6
44. Bc5  Bxc5  45. dxc5
Kf8  46. c6  Ke8
47. Rb2  Rc7  48. Rc2
Kd8  49. Kf3  g5
50. Ke3  Rf7  1/2-1/2

[Event "MCR mladeze, Kouty 2018 - H14"]
[Site "Kouty nad Desnou"]
[Date "2018.03.16"]
[Round "8"]
[White "Nezval, Filip"]
[Black "Rokos, Filip"]
[Result "0-1"]
[WhiteElo "1732"]
[BlackElo "1817"]
[EventDate "2018.03.10"]

1. d4  Nf6  2. c4  e6
3. Nc3  d5  4. cxd5
exd5  5. Bg5  Be7
6. e3  c6  7. Bd3
O-O  8. Qc2  Nbd7
9. Nge2  Re8  10. O-O
Nf8  11. a3  Ng6
12. Nf4  Ng4  13. Bxe7
Rxe7  14. Nxg6  hxg6
15. h3  Nh6  16. Rae1
Nf5  17. Bxf5  Bxf5
18. Qd2  Qc7  19. f3
Rae8  20. Rf2  Qg3
21. Kh1  g5  22. Rfe2
Qh4  23. e4  dxe4
24. fxe4  Bxe4  25. Kh2
f5  26. g3  Qh5
27. Nxe4  fxe4  28. g4  Qg6
29. Re3  Rf8  30. Kg2
Rf4  31. Rf1  Qf7
32. Ree1  e3  33. Qd3
Qd5+  34. Kg3  Rxd4
35. Qf5  Qd6+  36. Kg2
Rd2+  0-1

[Event "MCR mladeze, Kouty 2018 - H14"]
[Site "Kouty nad Desnou"]
[Date "2018.03.16"]
[Round "8"]
[White "Vokoun, Tomas"]
[Black "Glozar, Petr"]
[Result "0-1"]
[WhiteElo "1535"]
[BlackElo "1789"]
[EventDate "2018.03.10"]

1. e4  c5  2. b4  cxb4
3. a3  e6  4. axb4
Bxb4  5. c3  Be7
6. d4  d6  7. Bd3
Nf6  8. f4  O-O
9. Nf3  Bd7  10. O-O  Nc6
11. e5  Nd5  12. Qe1
a6  13. g4  Re8
14. h4  b5  15. g5  g6
16. h5  Kg7  17. Ra2
Na5  18. Rh2  Nc4
19. Qh4  Rh8  20. Kf2
Bc6  21. Rfh1  Qg8
22. Bxc4  bxc4  23. exd6
Bxd6  24. Ne5  Bb5
25. hxg6  hxg6  26. Qxh8+
Qxh8  27. Rxh8  Rxh8
28. Rxh8  Bxe5  29. Rh4
Bd6  30. Kg3  Kf8
31. Rh3  Ba4  32. Ba3
Bxa3  33. Nxa3  Bb3
34. Kg4  Ke7  35. Nb1
a5  36. Rh2  a4
37. Kf3  Bd1+  38. Ke4  Bb3
39. Kf3  Bd1+  40. Ke4
Kd6  41. Rd2  Bg4
42. Rb2  a3  43. Ra2
Bf5+  44. Kf3  Bxb1
45. Rxa3  0-1

[Event "MCR mladeze, Kouty 2018 - H16"]
[Site "Kouty nad Desnou"]
[Date "2018.03.10"]
[Round "1"]
[White "Sprenar, Petr"]
[Black "Ocko, Dominik"]
[Result "1-0"]
[WhiteElo "2191"]
[BlackElo "1979"]
[EventDate "2018.03.10"]

1. d4  d5  2. c4  c6
3. cxd5  cxd5  4. Nc3
Nc6  5. e4  dxe4
6. d5  Ne5  7. Qa4+
Bd7  8. Qxe4  Ng6
9. Bc4  Nf6  10. Qe2
a6  11. Bb3  Qc7
12. Nf3  Nf4  13. Bxf4
Qxf4  14. O-O  g6
15. Rfe1  Qd6  16. Qe5
Qxe5  17. Rxe5  Ng4
18. Re2  O-O-O  19. Ne4
Kb8  20. Neg5  Be8
21. h3  h6  22. Nxf7
Bxf7  23. hxg4  Bg7
24. Rxe7  Rhf8  25. Ne5
Bxe5  26. Rxe5  Rd6
27. Rd1  Rfd8  28. f4
b5  29. g5  hxg5
30. Rxg5  Rf6  31. g3
Rf5  32. Rxf5  gxf5
33. d6  Bxb3  34. axb3
Kc8  35. d7+  Rxd7
36. Rxd7  Kxd7  37. Kf2
Kd6  38. g4  fxg4
39. Kg3  b4  40. Kxg4
Ke6  41. Kg5  Kf7
42. Kf5  1-0

[Event "MCR mladeze, Kouty 2018 - H16"]
[Site "Kouty nad Desnou"]
[Date "2018.03.10"]
[Round "1"]
[White "Nagy, Ladislav"]
[Black "Stinka, Jakub"]
[Result "0-1"]
[WhiteElo "1956"]
[BlackElo "2137"]
[EventDate "2018.03.10"]

1. Nf3 Nf6 2. g3 d6 3. Bg2 e5 4. d3 g6 5. c4 Bg7 6. Nc3 O-O 7. O-O c6 8. Bd2 h6
9. Qc2 Be6 10. Rab1 Nbd7 11. b4 d5 12. Na4 dxc4 13. dxc4 Bf5 14. Qb3 Bxb1 15.
Rxb1 Ne4 16. Bc3 b5 17. cxb5 cxb5 18. Nc5 Ndxc5 19. bxc5 Nxc3 20. Qxc3 e4 21. Ne5
Qc7 22. Bxe4 Bxe5 23. Qb3 Qxc5 24. Bxa8 Rxa8 25. Qxb5 Rc8 26. e3 Qxb5 27. Rxb5
Rc1+ 28. Kg2 Bc7 29. Rb4 Bb6 30. Ra4 Rc2 31. Kf3 Kf8 32. h4 h5 33. Ra6 Ke7 34.
Ra4 Kd6 35. Ra3 Kc5 36. Rd3 Rxa2 37. Rd7 a5 38. Rxf7 a4 39. Rf6 a3 40. Rxg6 Rd2
41. Rg5+ Kb4 42. Rg6 Ba5 43. Rc6 a2 44. Rc1 Kb3 45. Rf1 Kb2 46. g4 hxg4+ 47. Kxg4
Rc2 48. f4 Bd2 0-1